La azarosa y difícil aventura de migrar: españoles en Chile, 1880-1950
محفوظ في:
| المؤلف الرئيسي: | |
|---|---|
| التنسيق: | كتاب |
| اللغة: | الإسبانية |
| منشور في: |
Santiago
Ril Editores
2018
|
| الطبعة: | 1a. ed |
| الموضوعات: | |
| الوسوم: |
إضافة وسم
لا توجد وسوم, كن أول من يضع وسما على هذه التسجيلة!
|
MARC
| LEADER | 00000cam a2200000 a 4500 | ||
|---|---|---|---|
| 001 | UCC3106 | ||
| 003 | CL-VaPUC | ||
| 008 | 180413e20180000cl |||||||||||||||||spa|d | ||
| 020 | |a 9789560105226 | ||
| 082 | 0 | 4 | |a 325.2446983 |b EST |2 21 |
| 100 | |a Estrada Turra, Baldomero |e autor |9 870293 | ||
| 245 | 1 | 3 | |a La azarosa y difícil aventura de migrar: españoles en Chile, 1880-1950 |
| 250 | |a 1a. ed | ||
| 300 | |a 243 p | ||
| 942 | |c BK | ||
| 945 | |d 20180413 15:45:00 |a arojas | ||
| 260 | |a Santiago |b Ril Editores |c 2018 | ||
| 650 | 0 | |a Migrantes |9 358921 | |
| 650 | 0 | |a Migraciones |9 377610 | |
| 650 | 0 | |a Españoles |9 266190 | |
| 651 | 7 | |a CHILE |2 CL-VaPUC |9 597177 | |
| 583 | |a last modification |c 20180413 15:45:00 |k Rodrigo Vera | ||
| 999 | |c 370960 |d 370958 | ||
| 952 | |0 0 |1 0 |3 erb |4 0 |6 325_244698300000000_EST_2018 |7 0 |8 A |9 487763 |a BIBHIS |b BIBHIS |i 5464110 |l 2 |m 3 |o 325.2446983 EST 2018 |p 5464110 |r 2025-01-20 |s 2022-11-24 |w 2019-11-24 |y BK |z Catalogado en:20180413 |k HIS | ||
| 952 | |0 0 |1 0 |3 erb |4 0 |6 325_244698300000000_EST_2018 |7 0 |8 A |9 487764 |a BIBHIS |b BIBHIS |i 5464129 |o 325.2446983 EST 2018 |p 5464129 |r 2025-01-20 |w 2019-11-24 |y BK |z Catalogado en:20180413 |k HIS | ||